000 00233 a2200097 4500
001 38297
100 _aCouper David
245 _a25 role plays for developing counseling skills
260 _aUK
_bGower
_c1995
090 _c24341
_d24341
942 _aNUST-CAE
_cM
_c15938
999 _c273370
_d273370